Szachy: nie daj się zbić #5 - Nagła śmierć - Statystyki

Ogólne statystyki
  • Ten quiz został rozwiązany 167 razy
  • Średni wynik to 14 z 26
Answers on the Grid
Answers color-coded by a green-red scale on the quiz's grid according to % correct below.
a8
b8
g8
h8
a7
b7
c7
d7
e7
f7
g7
h7
a6
c6
d6
e6
f6
h6
a5
b5
c5
d5
e5
f5
g5
h5
a4
b4
c4
f4
g4
h4
a3
b3
c3
f3
g3
h3
a2
b2
c2
d2
e2
f2
g2
h2
a1
b1
c1
d1
e1
f1
g1
h1
 
Statystyki odpowiedzi
Odpowiedź % Poprawnych
d1
66%
g8
65%
e1
65%
c1
60%
b8
59%
g1
59%
b1
57%
e2
57%
d2
57%
f1
56%
h7
54%
g5
52%
b5
50%
a7
50%
f4
50%
h2
50%
f2
49%
a2
48%
b3
48%
c2
48%
g3
48%
h4
48%
c4
45%
c7
45%
a4
44%
f7
44%
Nie znaleziono quizów pasujących do podanych kryteriów
Rozkład punktacji
Procent ludzi z każdym wynikiem
Percentyl według liczby udzielonych odpowiedzi
Twoja historia wyników
Nie rozwiązałeś tego quizu